[Event "Capablanca Memorial U15 2nd"]
[Site "Havana"]
[Date "2018.05.17"]
[Round "5"]
[White "Rodriguez Rodriguez, Daniel"]
[Black "Gutierrez Sosa, Eduan"]
[Result "1-0"]
[WhiteElo "2189"]
[BlackElo "1842"]
[PlyCount "55"]
[EventDate "2018.05.14"]
[EventType "swiss"]
[EventRounds "7"]
[EventCountry "CUB"]
[SourceTitle "EXT 2021"]
[Source "ChessBase"]
[SourceDate "2020.10.23"]
[SourceVersion "1"]
[SourceVersionDate "2020.10.23"]
[SourceQuality "1"]

1. e4 e6 2. d4 d5 3. Nd2 Nf6 4. e5 Nfd7 5. Bd3 c5 6. c3 Nc6 7. Ne2 cxd4 8. cxd4 f6 9. exf6 Nxf6 10. Nf3 Bd6 11. 0-0 0-0 12. Bf4 Ne7 13. Bxd6 Qxd6 14. Ng3 Nf5 15. Re1 Qf4 16. Rc1 Bd7 17. Bxf5 exf5 18. Ne5 Rac8 19. Rxc8 Bxc8 20. Ne2 Qh4 21. g3 Qh6 22. Qc1 g5 23. h4 Ne4 24. f3 f4 25. fxe4 f3 26. Nxf3 Rxf3 27. Qxc8+ Rf8 28. Qg4 1-0

[Event "Capablanca Memorial U15 2nd"]
[Site "Havana"]
[Date "2018.05.16"]
[Round "4"]
[White "Gutierrez Sosa, Eduan"]
[Black "Montano Galvez, Naomi De la Cari"]
[Result "1-0"]
[WhiteElo "1842"]
[BlackElo "1276"]
[PlyCount "33"]
[EventDate "2018.05.14"]
[EventType "swiss"]
[EventRounds "7"]
[EventCountry "CUB"]
[SourceTitle "EXT 2021"]
[Source "ChessBase"]
[SourceDate "2020.10.23"]
[SourceVersion "1"]
[SourceVersionDate "2020.10.23"]
[SourceQuality "1"]

1. d4 Nf6 2. c4 g6 3. Nc3 Bg7 4. e4 d6 5. f3 0-0 6. Be3 Nc6 7. Qd2 e5 8. d5 Ne7 9. 0-0-0 c6 10. dxc6 Nxc6 11. Qxd6 Qa5 12. Qc5 Qa6 13. Nd5 Qxa2 14. Qa3 Qxa3 15. bxa3 Rd8 16. Bg5 Nxe4 17. fxe4 1-0

[Event "Capablanca Memorial U15 2nd"]
[Site "Havana"]
[Date "2018.05.15"]
[Round "3"]
[White "Otero Marino, Alain"]
[Black "Gutierrez Sosa, Eduan"]
[Result "1-0"]
[WhiteElo "2025"]
[BlackElo "1842"]
[PlyCount "103"]
[EventDate "2018.05.14"]
[EventType "swiss"]
[EventRounds "7"]
[EventCountry "CUB"]
[SourceTitle "EXT 2021"]
[Source "ChessBase"]
[SourceDate "2020.10.23"]
[SourceVersion "1"]
[SourceVersionDate "2020.10.23"]
[SourceQuality "1"]

1. e4 e5 2. Nf3 Nf6 3. Nxe5 d6 4. Nf3 Nxe4 5. Nc3 Nxc3 6. dxc3 Nc6 7. Bc4 Be7 8. Bf4 Bf5 9. Qd2 Qd7 10. 0-0-0 0-0 11. Bb5 a6 12. Ba4 b5 13. Bb3 Na5 14. Rhe1 Bf6 15. h3 h5 16. Bg5 Nxb3+ 17. axb3 Qd8 18. Bxf6 Qxf6 19. Qf4 Rfe8 20. Nd4 Bd7 21. Qxf6 gxf6 22. Ne2 Bc6 23. Nf4 h4 24. g4 Kg7 25. Kd2 Re5 26. Nd3 Re6 27. Re3 Rae8 28. Rde1 Rxe3 29. Rxe3 Rxe3 30. Kxe3 Kh6 31. Ne1 Kg5 32. f4+ Kg6 33. f5+ Kg7 34. b4 Kf8 35. Kf4 Kg7 36. Nf3 Bxf3 37. Kxf3 Kf8 38. Kf4 c5 39. g5 fxg5+ 40. Kxg5 d5 41. Kf6 cxb4 42. cxb4 d4 43. Ke5 Ke7 44. Kxd4 Kd6 45. b3 f6 46. c4 bxc4 47. bxc4 Kc6 48. b5+ axb5 49. cxb5+ Kxb5 50. Kd5 Kb6 51. Ke6 Kc6 52. Kxf6 1-0

[Event "Maria Teresa Mora Memorial op"]
[Site "Havana"]
[Date "2018.03.08"]
[Round "1"]
[White "Fernandez Rivero, Karla July"]
[Black "Gutierrez Sosa, Eduan"]
[Result "1-0"]
[WhiteElo "2023"]
[BlackElo "1795"]
[PlyCount "143"]
[EventDate "2018.03.08"]
[EventType "swiss"]
[EventRounds "9"]
[EventCountry "CUB"]
[SourceTitle "EXT 2021"]
[Source "ChessBase"]
[SourceDate "2020.10.23"]
[SourceVersion "1"]
[SourceVersionDate "2020.10.23"]
[SourceQuality "1"]

1. d4 Nf6 2. c4 c5 3. d5 b5 4. cxb5 a6 5. bxa6 Bxa6 6. Nc3 d6 7. e4 Bxf1 8. Kxf1 g6 9. g3 Bg7 10. Kg2 0-0 11. Nf3 Nbd7 12. Qe2 Qb6 13. Nd2 Rfb8 14. Nc4 Qa7 15. Bd2 Nb6 16. Nxb6 Qxb6 17. Rhb1 Nd7 18. b3 Rb7 19. Rc1 Rba7 20. Rc2 Nb8 21. Rb1 Ra3 22. Rbc1 Nd7 23. Na4 Qa7 24. Bc3 Nb6 25. Nxb6 Qxb6 26. Bxg7 Kxg7 27. Rd1 Qa7 28. Rdd2 h5 29. h4 Qa5 30. e5 Qa7 31. Qe4 Qd7 32. Re2 Qg4 33. Qxg4 hxg4 34. exd6 exd6 35. Kf1 Kf6 36. Ke1 Rb8 37. Re4 Rb4 38. Rxb4 cxb4 39. Rc4 Rxa2 40. Rxg4 Ke5 41. Rxb4 Kxd5 42. Rf4 Ke6 43. g4 Rb2 44. Rb4 Ke7 45. Re4+ Kd7 46. b4 d5 47. Rf4 Ke6 48. h5 gxh5 49. gxh5 Rb1+ 50. Kd2 Rh1 51. Kd3 Rxh5 52. Kd4 Rh8 53. b5 Rd8 54. b6 Rb8 55. Kc5 Rc8+ 56. Kb5 Kd6 57. Rxf7 Rc5+ 58. Ka6 Rc1 59. b7 Ra1+ 60. Kb6 Rb1+ 61. Ka7 Ra1+ 62. Kb8 d4 63. Kc8 Rc1+ 64. Kd8 Rb1 65. Rd7+ Kc6 66. Rc7+ Kd6 67. Kc8 d3 68. b8Q Rxb8+ 69. Kxb8 d2 70. Kc8 Ke6 71. Rd7 d1Q 72. Rxd1 1-0

[Event "Maria Teresa Mora Memorial op"]
[Site "Havana"]
[Date "2018.??.??"]
[Round "4"]
[White "Gutierrez Sosa, Eduan"]
[Black "Barroso Abreu, German"]
[Result "1-0"]
[WhiteElo "1795"]
[BlackElo "1926"]
[PlyCount "81"]
[EventDate "2018.03.08"]
[EventType "swiss"]
[EventRounds "9"]
[EventCountry "CUB"]
[SourceTitle "EXT 2021"]
[Source "ChessBase"]
[SourceDate "2020.10.23"]
[SourceVersion "1"]
[SourceVersionDate "2020.10.23"]
[SourceQuality "1"]

1. d4 e6 2. c4 d5 3. Nc3 Nf6 4. cxd5 exd5 5. Bg5 c6 6. e3 Bf5 7. Bd3 Bxd3 8. Qxd3 Bd6 9. Nf3 Nbd7 10. 0-0 0-0 11. Rac1 Re8 12. Ne2 Qc7 13. Bf4 Ne4 14. Bxd6 Qxd6 15. Ng3 Re6 16. Nd2 Nxg3 17. hxg3 Rae8 18. Nf3 Rh6 19. Qf5 Rf6 20. Qh3 h6 21. g4 Re4 22. Nh4 g6 23. Nf3 g5 24. Nd2 Re8 25. Qh2 Qe6 26. Qg3 Kg7 27. Rfe1 Rh8 28. e4 Rf4 29. f3 dxe4 30. Rxe4 Rxe4 31. fxe4 Qxa2 32. Nc4 b5 33. Nd6 Qxb2 34. Nf5+ Kh7 35. Rxc6 Qb1+ 36. Kh2 Qxe4 37. Rxh6+ Kg8 38. Rxh8+ Kxh8 39. Qh3+ Kg8 40. Qh6 Qf4+ 41. Kh3 1-0

[Event "Maria Teresa Mora Memorial op"]
[Site "Havana"]
[Date "2018.??.??"]
[Round "7"]
[White "Gutierrez Sosa, Eduan"]
[Black "Interian Rodriguez, Alberto de Dios"]
[Result "0-1"]
[WhiteElo "1795"]
[BlackElo "2063"]
[PlyCount "44"]
[EventDate "2018.03.08"]
[EventType "swiss"]
[EventRounds "9"]
[EventCountry "CUB"]
[SourceTitle "EXT 2021"]
[Source "ChessBase"]
[SourceDate "2020.10.23"]
[SourceVersion "1"]
[SourceVersionDate "2020.10.23"]
[SourceQuality "1"]

1. d4 Nf6 2. c4 g6 3. Nc3 Bg7 4. e4 d6 5. f3 0-0 6. Be3 c5 7. d5 e6 8. Bd3 exd5 9. cxd5 a6 10. a4 Nbd7 11. Nge2 Rb8 12. 0-0 Ne5 13. Ng3 c4 14. Be2 b5 15. axb5 axb5 16. Qd2 b4 17. Nd1 Re8 18. Nf2 h5 19. Rfc1 h4 20. Nf1 h3 21. gxh3 Bd7 22. Ng4 Nfxg4 0-1